Select Oceania Countries on Map - Statistics

General Stats
  • This quiz has been taken 67 times
  • The average score is 10 of 14
Answers on the Map
Answers color-coded by a green-red scale on the quiz's map according to % correct below.
 
Answer Stats
Answer % Correct
Papua New
Guinea
100%
Australia
95%
New Zealand
91%
Kiribati
88%
F.S. Micronesia
79%
Fiji
77%
Marshall Islands
70%
Solomon Islands
70%
Vanuatu
65%
Palau
63%
Samoa
63%
Tonga
63%
Nauru
60%
Tuvalu
56%
No matching quizzes found
Score Distribution
Percent of People with Each Score
Percentile by Number Answered
Your Score History
You have not taken this quiz